| 000 | 01152nam a2200325 a 4500 | ||
|---|---|---|---|
| 001 | 000004174 | ||
| 003 | DO-SdBNP | ||
| 005 | 20250530112058.0 | ||
| 007 | ta | ||
| 008 | 090717e2007 dr aoc gr 001 0dspa d | ||
| 020 | _a9781605859422 | ||
| 040 |
_aDO-SdBNP _bspa _cBNPHU |
||
| 082 | 4 |
_a306.2 _bB276c _222 |
|
| 100 | 1 |
_aBarrios, Luis _912327 |
|
| 245 | 1 | 0 |
_aCoquiando : _bmeditaciones subversivas para un mundo mejor / _cLuis Barrios ; Prólogo Rogelio Cruz. |
| 260 |
_aSanto Domingo : _bBúho, _c2007. |
||
| 300 |
_a445 p. : _bil. retr., fotogr. ; _c23 cm. |
||
| 500 | _aIncluye índice, referencias bibliográficas y notas al pie de las páginas. | ||
| 590 | _aInventariado, 2018/BT | ||
| 650 | 0 |
_aSociología política _92483 |
|
| 650 | 0 |
_a Igualdad _912328 |
|
| 650 | 0 |
_aJusticia social _96078 |
|
| 650 | 0 |
_aConflicto social _91974 |
|
| 650 | 0 |
_a Iglesia y problemas sociales. _x Iglesia Católica _98584 |
|
| 651 | 4 |
_aAmérica Latina _xPolítica y gobierno _92618 |
|
| 651 | 4 |
_aEstados Unidos _xPolítica y gobierno _95436 |
|
| 700 | 1 |
_aCruz, Rogelio, _epról. _91117 |
|
| 910 | _aValidado. Control de calidad. MMOLINA | ||
| 942 |
_2ddc _cLBS1 |
||
| 999 |
_c3989 _d3989 |
||